00601nam a2200217Ia 4500008004100000041001200041082000800053082001100061100001600072100001100088245003800099260001300137260001700150260000900167300001500176365002500191650001700216942000800233999001900241952012300260150909s9999 xx 000 0 und d aEnglish a635 bGAR/CO aGarland S  eAuthor aComplete book of herbs and spices aNew York bViking Press c1979 a288 Pages aUSD.25.00  aHorticulture cREF c200513d200513 00104070aKAUCOAbKAUCOAd2015-09-16g0.00l0o635 GAR/COpKAU_COA-14716 r2015-09-16 00:00:00w2015-09-16yREF